| 000 | 00431nam a2200157Ia 4500 | ||
|---|---|---|---|
| 008 | 140626s9999 xx 000 0 und d | ||
| 100 | _aCorby, Krystin. | ||
| 245 | 4 |
_aThe enduring effect of availability / _cKrystin Corby ... [et al.]. |
|
| 260 | _cc2012. | ||
| 300 | _a125 : 2, page 189 | ||
| 440 | _aThe American Journal of Psychology | ||
| 521 | _aPSYCH | ||
| 650 | _aAvailability. | ||
| 650 | _aEndurance. | ||
| 942 | _cSE | ||
| 999 |
_c121347 _d121347 |
||